Should've Said No - Taylor Swift (All Lyrics) - Statistics

General Stats
  • This quiz has been taken 122 times
    108 since last reset
  • The average score is 318 of 352
Answer Stats
Lyrics % Correct
a
100%
no,
100%
no
100%
No,
100%
said
100%
should've
100%
be
98%
for
98%
go
98%
go,
98%
gone
98%
home
98%
I
98%
me
98%
me)
98%
you
98%
You
98%
it
96%
It
96%
it?
96%
the
96%
The
96%
all
95%
And
95%
and
95%
back
95%
been
95%
did
95%
my
95%
that
95%
there
95%
there,
95%
thought
95%
to
95%
your
95%
asking
93%
begging
93%
forgiveness
93%
get
93%
(Get
93%
have
93%
in
93%
know
93%
let
93%
mind
93%
of
93%
shouldn't
93%
still
93%
twice
93%
what
93%
why
93%
at
91%
Baby,
91%
baby,
91%
feet
91%
known
91%
might
91%
myself
91%
with
91%
'fore
89%
we
88%
We
88%
word
88%
was
86%
Was
86%
is
84%
take
84%
she
82%
worth
82%
say
81%
Before
79%
moment
79%
one
79%
weakness
79%
yes
79%
do
77%
ever
77%
now,
77%
this
77%
this?
77%
chance
75%
But
74%
could
74%
It's
74%
things
74%
past
72%
right
72%
same?
72%
think
72%
you'd
72%
about
70%
just
70%
Oh
70%
oh
70%
her'd
68%
tell
68%
Given
67%
lookin'
67%
wrong
67%
everything
65%
feels
65%
can
63%
used
63%
believe
61%
can't
61%
Even
61%
expect
61%
out
61%
found
60%
honestly
60%
need
60%
sing
58%
I've
56%
see
56%
songs
56%
cryin'
54%
flowers,
54%
'bout
53%
'Bout
53%
Yesterday,
53%
resist
51%
strange
51%
smiles,
49%
No matching quizzes found
Score Distribution
Percent of People with Each Score
Percentile by Number Answered
Your Score History
You have not taken this quiz since the last reset